Tribal health: Socio - cultural dimensions (Record no. 1455317)

MARC details
000 -LEADER
fixed length control field 00560nam a2200193Ia 4500
005 - DATE AND TIME OF LATEST TRANSACTION
control field 20250923145746.0
008 - FIXED-LENGTH DATA ELEMENTS--GENERAL INFORMATION
fixed length control field 008 250917s9999 xx 000 0 eng d
037 ## - SOURCE OF ACQUISITION
Stock number Textual
040 ## - CATALOGING SOURCE
Original cataloging agency DSWL
Language of cataloging eng
Transcribing agency DSWL
041 ## - LANGUAGE CODE
Language code of text/sound track or separate title eng
Source of code eng
084 ## - COLON CLASSIFICATION NUMBER
Classification number Y72oaL.2, N86
Assigning agency DSWL
245 #0 - TITLE STATEMENT
Title Tribal health: Socio - cultural dimensions
Statement of responsibility, etc. Ed. by B.Chaudhuri
260 ## - PUBLICATION, DISTRIBUTION, ETC.
Place of publication, distribution, etc. New delhi
Name of publisher, distributor, etc. Inter National Publication
Date of publication, distribution, etc. 1986
300 ## - PHYSICAL DESCRIPTION
Extent xxi,350p.
365 ## - TRADE PRICE
Price type code INR
Price amount 250.00
925 ## -
-- 250.00
942 ## - ADDED ENTRY ELEMENTS (KOHA)
Koha item type Textual
Classification part Y72oaL.2, N86
Holdings
Withdrawn status Lost status Damaged status Not for loan Home library Current library Date acquired Source of acquisition Total Checkouts Full call number Barcode Date last seen Price effective from Koha item type
        Department of Social Work Library Department of Social Work Library 2025-09-23 Universal Dis. & Publication   Y72oaL.2, N86 SW0023089 2025-09-23 2025-09-23 Textual
Copyright @ Delhi University Library System